From evolution to revolution : Korea's new market environment /

Bibliographic Details
Main Author: Lee, You-Il
Format: Book
Language:English
Published: Aldershot, England ; Burlington, VT : Ashgate, [2003]
Subjects:

MARC

Tag First Indicator Second Indicator Subfields
LEADER 00000cam a22000004a 4500
001 in00001817697
005 20151025195745.0
008 030206s2003 enka b 001 0 eng
010 |a  2003043023 
020 |a 1840147903 (alk. paper) 
035 |a (OCoLC)ocm51637620 
040 |a DLC  |c DLC  |d TXA  |d UtOrBLW 
042 |a pcc 
043 |a a-ko--- 
049 |a TXAM 
050 0 0 |a HG5780.5.A3  |b L44 2003 
082 0 0 |a 330.95195  |2 21 
100 1 |a Lee, You-Il. 
245 1 0 |a From evolution to revolution :  |b Korea's new market environment /  |c You-Il Lee. 
264 1 |a Aldershot, England ;  |a Burlington, VT :  |b Ashgate,  |c [2003] 
264 4 |c ©2003 
300 |a viii, 140 pages :  |b illustrations ;  |c 23 cm. 
336 |a text  |b txt  |2 rdacontent 
337 |a unmediated  |b n  |2 rdamedia 
338 |a volume  |b nc  |2 rdacarrier 
504 |a Includes bibliographical references (pages [126]-131) and index. 
650 0 |a Investments, Foreign  |z Korea (South) 
651 0 |a Korea (South)  |x Economic conditions. 
650 0 |a Financial crises  |z Korea (South) 
948 |a cataloged  |b h  |c 2004/1/20  |d c  |e dmitchel  |f 12:44:36 pm 
994 |a E0  |b TXA 
999 |a MARS 
999 f f |s 96880201-e663-3e48-a9bd-040f97ec0921  |i 9d338254-cfee-35ce-b548-8f602c554d25  |t 0 
952 f f |p ric  |a Texas A&M University  |b Rellis Campus  |c Joint Library Facility  |d Remote Storage  |t 0  |e HG5780.5.A3 L44 2003  |h Library of Congress classification  |i unmediated -- volume  |m A14830913913 
998 f f |a HG5780.5.A3 L44 2003  |t 0  |l Remote Storage